True revival. (Record no. 11004)

000 -LEADER
fixed length control field 00523nam a2200181 a 4500
001 - CONTROL NUMBER
control field :::00008797$&:&@@
003 - CONTROL NUMBER IDENTIFIER
control field OkBaRHE
005 - DATE AND TIME OF LATEST TRANSACTION
control field 20000607103346.0
008 - FIXED-LENGTH DATA ELEMENTS--GENERAL INFORMATION
fixed length control field s1961 j 000 0 eng u
040 ## - CATALOGING SOURCE
Transcribing agency
100 1# - MAIN ENTRY--PERSONAL NAME
Personal name Stephens, George T.
245 10 - TITLE STATEMENT
Title True revival.
260 ## - PUBLICATION, DISTRIBUTION, ETC. (IMPRINT)
Place of publication, distribution, etc Abington, PA., :
Name of publisher, distributor, etc Bible Evangelism
Date of publication, distribution, etc c1961
300 ## - PHYSICAL DESCRIPTION
Extent 134 p. ;
Dimensions 20 cm.
650 ## - SUBJECT ADDED ENTRY--TOPICAL TERM
Topical term or geographic name as entry element Revival
General subdivision Addresses
942 ## - ADDED ENTRY ELEMENTS (KOHA)
Source of classification or shelving scheme
Koha item type Books
Copies
Permanent Location Not for loan Source of classification or shelving scheme Copy number Damaged status Date acquired Withdrawn status Lost status Shelving location Date last seen Koha item type Full call number Barcode Price effective from
RHEMA Bible Training College  1 2010-04-14  General Stacks2010-04-14BooksBV 3795 .S787972010-04-14